00781nam a22002297a 450000500170000001000130001702000100003003500130004003700160005304000120006908200350008110000400011624500690015624600320022526000790025727000210033630000530035765000650041065000410047565000220051665000130053820170124103159.0 aA-779102 c00.00 aA-779102 bCen Lib/Ret aDPLbHN a336bगुर्टूडी  aगुर्टू, डी.एन.  aलोक तंत्र /cडी.एन. गुर्टू  aLok tantra /bby D.N. Gurtu aजयपुर bरेसेर्च पब्लिकेशन्स  bजयपुर  a128पृ.c20सेमी(सजिल्द )  aअर्थव्यवस्था--न्याय x z  aअर्थव्यवस्था aEconomy - Justice aEconomy